Những điểm nhấn qua các kỳ đại hội Bài 7

Đã lưu trong:
Bibliografiske detaljer
Hovedforfatter: Thu Thảo
Format: Bog
Sprog:Undetermined
Fag:
Online adgang:http://lrc.tdmu.edu.vn/opac/search/detail.asp?aID=2&ID=25367
Tags: Tilføj Tag
Ingen Tags, Vær først til at tagge denne postø!
Thư viện lưu trữ: Trung tâm Học liệu Trường Đại học Thủ Dầu Một
LEADER 00739nam a2200169Ia 4500
001 TDMU_25367
008 210410s9999 xx 000 0 und d
082 |a 320.6 
100 |a Thu Thảo 
245 0 |a Những điểm nhấn qua các kỳ đại hội 
245 0 |c Thu Thảo 
245 0 |n Bài 7 
245 0 |p Đại hội Đảng bộ tỉnh Sông Bé lần thứ IV: Đổi mới cách nghĩ, cách làm, tư duy kinh tế 
300 |a 4tr 
650 |a Đổi mới; Sông Bé; Tư duy kinh tế; Đại hội lần 4; Chính trị xã hội 
856 |u http://lrc.tdmu.edu.vn/opac/search/detail.asp?aID=2&ID=25367 
980 |a Trung tâm Học liệu Trường Đại học Thủ Dầu Một